|
|
|
|
| LEADER |
00000cam a2200000 a 4500 |
| 001 |
vtls008401691 |
| 003 |
SK-MaSNL |
| 005 |
20260301221613.0 |
| 008 |
251104s1932 xo d p 000 0 slo |
| 015 |
|
|
|a SNBA19191938-012941
|
| 020 |
|
|
|q (brožované)
|
| 035 |
|
|
|a SK01SNKBSKHR20020093908
|
| 035 |
|
|
|a urn:nbn:sk:snk-am3i5yy
|
| 035 |
|
|
|a B323E89B-99DA-4E7C-92C6-6EDA298B0616
|
| 035 |
|
|
|a urn:nbn:sk:snk-am00dl9s
|
| 035 |
|
|
|a SKM000096371
|
| 040 |
|
|
|a SNK
|b slo
|c SNK
|e AACR2
|
| 041 |
0 |
|
|a slo
|
| 044 |
|
|
|a xo
|c SK
|
| 072 |
|
7 |
|a 54
|x Chémia. Mineralogické vedy
|2 konspekt
|
| 072 |
|
7 |
|a 549
|x Mineralógia
|2 konspekt
|
| 080 |
|
|
|a 54
|2 2011
|
| 080 |
|
|
|a 549
|2 2001
|
| 080 |
|
|
|a (048.8)
|2 2011
|
| 080 |
|
|
|a (075.3)
|2 2011
|
| 245 |
0 |
0 |
|a Stručný prehľad chemie a mineralogie
|c podľa stredoškolských učebníc sostavil: Ján Šúny
|
| 260 |
|
|
|a Nové Zámky
|b Československé kníhkupectvo Ladislav Bodlák
|c 1932
|
| 300 |
|
|
|a 106 strán
|c 21 cm
|
| 650 |
0 |
7 |
|a chémia
|2 SNKPH
|9 749
|
| 650 |
0 |
7 |
|a mineralógia
|2 SNKPH
|9 943
|
| 655 |
|
7 |
|a prehľady
|2 SNKPH
|9 70194
|
| 655 |
|
7 |
|a učebnice stredných škôl
|2 SNKPH
|9 69323
|
| 700 |
1 |
|
|a Šúny, Ján
|4 com
|9 610157
|
| 852 |
|
|
|a Slovenská národná knižnica
|
| 954 |
|
|
|a odborná, vedecká literatúra pôvodná (slovenská)
|2 lita
|
| 958 |
|
|
|a EUIPO
|
| 958 |
|
|
|a RK
|
| 958 |
|
|
|a TL
|
| 958 |
|
|
|a OND
|
| 999 |
|
|
|c 936622
|d 938552
|
| 952 |
|
|
|a SNK
|b SNK
|y VYP
|7 0
|p 17A1347116
|o snkSC 8398 D1
|i snkK 1785/80
|8 3
|0 0
|1 0
|4 0
|d 2019-09-09
|l 0
|r 2026-02-24 09:06:06
|w 2026-02-24
|
| 952 |
|
|
|a SNK
|b SNK
|y PREZ
|7 0
|p 17A0794736
|o snkSC 8398
|i snkKSK 1395/56
|8 3
|0 0
|1 0
|4 0
|d 2019-07-17
|f 1
|l 0
|r 2025-07-09 00:00:00
|w 2026-02-24
|